Дело по вопросу Герольдии Правительствующего Сената сведений на основании какого закона обращается его Дирекция с рапортами прям...

Доступно только в Электронных читальных залах Найти на картеНа карте
RUSMARC
00003885nmc2a22000003x 450
0013e7c8572-0ea9-4d28-8c78-c022bb51a0eb
00520181224230530.0
100##$a20170623l18451845k l0rusy0189 ca
1010#$arus
102##$aRU
2001#$aДело по вопросу Герольдии Правительствующего Сената сведений на основании какого закона обращается его Дирекция с рапортами прямо в Правительствующий Сенат, а не через сношение господина министра Императорского двора господину министру юстиции
$j12 июня - 19 июля 1845 г.
251##$cДело
300##$aПо Санкт-Петербургской дирекции за 1845 год
300##$aДело
801#0$aRU
$bРГИА
$c20170623
$gRCR
801#1$aRU
$bГлавНИВЦ
$c20170623
$2rusmarc
801#2$aRU
$bПБ им. Б.Н. Ельцина
$c20181224
$gRCR
$2rusmarc
850##$aРГИА
852##$aРГИА
$eФедеральное казенное учреждение "Российский государственный исторический архив" (РГИА)
$j10472
937##$hРГИА
$d12246627
$aASBIBLIO_SCAN
462#0$1001dd3991dc-24e1-42ec-8838-ca4255420416
$12001
$a1746-1850 гг.
$1251
$cОпись
$1852
$j1
461#0$10019264ebf8-de62-4f1a-9eb4-9f22098dbbd5
$12001
$aДирекция императорских театров МИДв
$1251
$cФонд
$1852
$j497
215##$a5 л.
$d36,5х26 см
371##$aДокумент не является опубликованным и широко распространяемым
105##$ay###
1222#$ad
035##$a3e7c8572-0ea9-4d28-8c78-c022bb51a0eb
856##$uhttp://readingroom.main.prlib.ru/item.aspx?id_node=n122292238&mode=full
Формат отображения